2023 Bengals Touchdown Scorers - Statistics

General Stats
  • This quiz has been taken 53 times
  • The average score is 10 of 14
Answer Stats
# TD's Answer % Correct
7 Ja'Marr Chase
100%
15 Joe Burrow
97%
5 Tee Higgins
94%
1 Chase Brown
89%
12 Joe Mixon
86%
15 Jake Browning
72%
2 Tyler Boyd
64%
4 Andrei Iosivas
61%
1 Tanner Hudson
56%
2 Drew Sample
53%
1 Cam Taylor-Britt
50%
1 Charlie Jones
47%
1 Irv Smith Jr.
47%
1 Trenton Irwin
36%
No matching quizzes found
Score Distribution
Percent of People with Each Score
Percentile by Number Answered
Your Score History
You have not taken this quiz